Don than & other Poems (Record no. 1560)
[ view plain ]
| 000 -LEADER | |
|---|---|
| fixed length control field | 00318nam a2200133Ia 4500 |
| 008 - FIXED-LENGTH DATA ELEMENTS--GENERAL INFORMATION | |
| fixed length control field | 151213s9999 xx 000 0 und d |
| 100 ## - MAIN ENTRY--PERSONAL NAME | |
| Personal name | Berhand Beathy |
| 245 ## - TITLE STATEMENT | |
| Title | Don than & other Poems |
| Statement of responsibility, etc. | Berhand Beathy |
| 300 ## - PHYSICAL DESCRIPTION | |
| Extent | 2115 p. |
| 650 ## - SUBJECT ADDED ENTRY--TOPICAL TERM | |
| Topical term or geographic name as entry element | English |
| 650 ## - SUBJECT ADDED ENTRY--TOPICAL TERM | |
| Topical term or geographic name as entry element | English |
| 700 ## - ADDED ENTRY--PERSONAL NAME | |
| Personal name | Berhand Beathy |
No items available.
